| 000 | 01920nam0a2200361 4500 | ||
|---|---|---|---|
| 001 | RU\NLR\bibl\622 | ||
| 005 | 20260407130226.0 | ||
| 010 |
_a5-201-02497-1 _9150 |
||
| 021 |
_aRU _b97-22508 _9930 |
||
| 035 | _a(NLR Aleph) 000000558 | ||
| 090 |
_a732 _c732 |
||
| 100 | _a19980413d1997 |||y0rusy50 ca | ||
| 101 | 0 |
_arus _aeng _erus _eeng |
|
| 102 | _aRU | ||
| 105 | _a||||||||||||| | ||
| 200 | 1 |
_aПроблемы женщин и семьи глазами социологов _dSociologists on the problems of women and family _e[Докл. на XIII Всемир. социол. конгр., 1994 г., Билефельд _fОтв. ред. к.э.н. Е. Ф. Ачильдиева, к.ист.н. Е. Г. Мешкова] _zeng |
|
| 210 |
_aМ. _cИн-т социологии _d1997 |
||
| 215 |
_a161 с. _d20 |
||
| 300 | _aВ надзаг.: Рос. акад. наук, Ин-т социологии | ||
| 300 | _aТекст парал. на рус. и англ. яз. | ||
| 510 | 1 |
_aSociologists on the problems of women and family _zeng |
|
| 606 | 0 |
_aСемья _jСъезды, совещания и т.п. _xСоциологические исследования _91382818 _3RU\NLR\auth\66266922 |
|
| 606 | 0 |
_aЖенщины _jСъезды, совещания и т.п. _xСоциологические исследования _92075676 _3RU\NLR\auth\661250757 |
|
| 686 | _aС550.535я431 | ||
| 686 | _aС550.53я431 | ||
| 702 | 1 |
_4340 _8rus _7ca _aАчильдиева _bЕ. Ф. _gЕвгения Феликсовна _3RU\NLR\auth\771309 _9111336 |
|
| 712 | 0 | 2 |
_4570 _aИнститут социологии _cМосква _3RU\NLR\AUTH\889974822 _9446621 |
| 712 | 1 | 2 |
_4570 _aМеждународный социологический конгресс _d3 _eАмстердам _f1956 _9278470 _3RU\NLR\AUTH\883582 |
| 801 | 0 |
_aRU _bNLR _c19980413 _gPSBO |
|
| 801 | 1 |
_aRU _bNLR _c19980413 |
|
| 852 |
_aNLR _j97-3/5231 |
||
| 942 | _cBOOK | ||
| 980 | _aNB | ||